[Event "WCh Women 2018"]
[Site "Khanty-Mansiysk RUS"]
[Date "2018.11.05"]
[Round "1.3"]
[White "Lei, Tingjie"]
[Black "Gara, Anita"]
[Result "1-0"]
[WhiteTitle "GM"]
[BlackTitle "IM"]
[WhiteElo "2457"]
[BlackElo "2370"]
[WhiteFideId "8605114"]
[BlackFideId "709751"]
[EventDate "2018.11.03"]

1. c4 c5 2. Nf3 Nc6 3. Nc3 g6 4. g3 Bg7 5. Bg2 d6 6. O-O Bf5 7. a3 Qd7 8. d3 Bh3
9. Bd2 Bxg2 10. Kxg2 e6 11. Rb1 a5 12. Qa4 Rb8 13. Nb5 Nge7 14. b4 axb4 15. axb4
O-O 16. bxc5 dxc5 17. Nc3 Nf5 18. Rfc1 b6 19. Bf4 Rb7 20. Ne4 e5 21. Bd2 Nfd4
22. Nxd4 exd4 23. Qb5 Rbb8 24. Bf4 f5 25. Nxc5 bxc5 26. Bxb8 Rxb8 27. Qxc5 Rxb1
28. Rxb1 Bf8 29. Qb5 Qe6 30. Ra1 Ne5 31. Ra6 Qe7 32. Qd5+ Nf7 33. Ra8 Qe5 34.
Rd8 Qxd5+ 35. Rxd5 Kg7 36. Rxd4 Kf6 37. Rd7 Ke6 38. Ra7 Bc5 39. Ra6+ Kd7 40. e3
Bd6 41. d4 Ng5 42. f3 Ne6 43. Ra7+ Bc7 44. Ra8 Bd6 45. Kf2 g5 46. f4 g4 47. Ra5
Ng7 48. Ra7+ Bc7 49. d5 Ne8 50. c5 Nf6 51. d6 Ne4+ 52. Ke2 Nxd6 53. cxd6 Kxd6
54. Kd3 h5 55. Ra6+ Ke7 56. Rh6 Ba5 57. Rxh5 Kf6 58. Rh6+ Kf7 59. Ra6 Bd8 60. e4
fxe4+ 61. Kxe4 1-0

[Event "WCh Women 2018"]
[Site "Khanty-Mansiysk RUS"]
[Date "2018.11.05"]
[Round "1.3"]
[White "Hoang, Thanh Trang"]
[Black "Danielian, Elina"]
[Result "1-0"]
[WhiteTitle "GM"]
[BlackTitle "GM"]
[WhiteElo "2448"]
[BlackElo "2426"]
[WhiteFideId "12400149"]
[BlackFideId "13300210"]
[EventDate "2018.11.03"]

1. d4 Nf6 2. Nf3 e6 3. Bf4 c5 4. e3 d5 5. Nbd2 Bd6 6. Bg3 O-O 7. c3 b6 8. Bd3
Bb7 9. Qe2 Nc6 10. O-O Bxg3 11. hxg3 Qc7 12. e4 cxd4 13. e5 Ng4 14. cxd4 Qe7 15.
Rac1 Rac8 16. a3 f6 17. exf6 Qxf6 18. Nb3 e5 19. dxe5 Ncxe5 20. Nxe5 Nxe5 21.
Rxc8 Bxc8 22. Nd4 Ng4 23. Qd2 Kh8 24. Be2 Ne5 25. Bf3 Rd8 26. b3 Bf5 27. Qf4 Be4
28. Qxf6 gxf6 29. Rc1 Rd7 30. Kf1 Kg7 31. Ke2 Bd3+ 32. Ke3 Bg6 33. Rc8 Nd3 34.
Rc7 Rxc7 35. Ne6+ Kf7 36. Nxc7 Nc5 37. b4 Nd7 38. Kd4 Ne5 39. Bxd5+ Ke7 40. Nb5
a5 41. Nc3 axb4 42. axb4 Nd3 43. b5 Nxf2 44. Na4 Bd3 45. Bc6 Bf1 46. Nxb6 Nh1
47. g4 Nf2 48. Nd5+ Ke6 49. Ne3 Be2 50. b6 Kd6 51. b7 Kc7 52. Nd5+ Kb8 53. Ke3
Nxg4+ 54. Kxe2 Ne5 55. Ne7 Nxc6 56. Nxc6+ Kxb7 57. Ne7 Kc7 58. Nd5+ 1-0

[Event "WCh Women 2018"]
[Site "Khanty-Mansiysk RUS"]
[Date "2018.11.05"]
[Round "1.3"]
[White "Cori T., Deysi"]
[Black "Atalik, Ekaterina"]
[Result "0-1"]
[WhiteTitle "WGM"]
[BlackTitle "IM"]
[WhiteElo "2406"]
[BlackElo "2445"]
[WhiteFideId "3801934"]
[BlackFideId "4130189"]
[EventDate "2018.11.03"]

1. Nf3 Nf6 2. c4 g6 3. b3 Bg7 4. Bb2 O-O 5. g3 d6 6. d4 d5 7. Bg2 c5 8. O-O dxc4
9. bxc4 cxd4 10. Nxd4 Na6 11. Nc3 Ng4 12. e3 Ne5 13. Qe2 Bg4 14. f3 Bd7 15. Rac1
Rc8 16. Ncb5 Qb6 17. Ba3 Rfe8 18. Rfd1 Nc5 19. Rb1 Qa6 20. h3 Bxb5 21. Nxb5 Qa4
22. Rb4 Qa5 23. f4 a6 24. fxe5 axb5 25. Qb2 bxc4 26. Rxc4 b6 27. Rf1 Qa6 28. Qc3
Ne6 29. Bd5 Rxc4 30. Bxc4 Rc8 31. Bxa6 Rxc3 32. Bxe7 Bxe5 33. Kf2 Rc7 34. Bb4
Rc2+ 35. Be2 Rxa2 36. Rc1 Kg7 37. Kf3 Ng5+ 38. Kf2 Nxh3+ 39. Kf3 Ng5+ 40. Kf2
Ne4+ 41. Kf3 Nxg3 42. Bc4 Ra4 43. Be1 Nf5 44. Bf2 h5 45. Bd3 Nd6 46. Rc6 Ra3 47.
Bc2 b5 48. Rc5 Bf6 49. Rd5 Nf5 50. Bxf5 gxf5 51. Rxf5 b4 52. Rf4 b3 53. Bh4 Be5
54. Rb4 b2 55. Ke4 Bc3 56. Rb5 Ra1 57. Rg5+ Kh6 0-1

[Event "WCh Women 2018"]
[Site "Khanty-Mansiysk RUS"]
[Date "2018.11.05"]
[Round "1.3"]
[White "Zhukova, Natalia"]
[Black "Ni, Shiqun"]
[Result "1/2-1/2"]
[WhiteTitle "GM"]
[BlackTitle "WGM"]
[WhiteElo "2375"]
[BlackElo "2436"]
[WhiteFideId "14101513"]
[BlackFideId "8608466"]
[EventDate "2018.11.03"]

1. c4 c6 2. e4 d5 3. exd5 cxd5 4. d4 Nf6 5. Nc3 g6 6. Qb3 e6 7. Bg5 Be7 8. Nf3
O-O 9. c5 b6 10. cxb6 Qxb6 11. Qxb6 axb6 12. Ne5 Kg7 13. f3 h6 14. Be3 Ba6 15.
Bxa6 Rxa6 16. Kd2 Rc8 17. Rhc1 Nbd7 18. Nd3 Ne8 19. a4 Nd6 20. b3 Raa8 21. g4
Rc7 22. Ne2 Rac8 23. Rxc7 Rxc7 24. Rc1 Rxc1 25. Kxc1 Nb8 26. Kb2 Nc6 27. Ne5 Nb8
28. Bd2 f6 29. Nd3 Nc6 30. Nb4 Na5 31. Na6 Nc6 32. Nc7 Kf7 33. Bc3 g5 34. Nc1
Nb8 35. Bb4 Nc6 36. Bc3 Nb8 37. Bb4 Nc6 38. Bc3 Nb8 1/2-1/2

[Event "WCh Women 2018"]
[Site "Khanty-Mansiysk RUS"]
[Date "2018.11.05"]
[Round "1.3"]
[White "Nakhbayeva, Guliskhan"]
[Black "Galliamova, Alisa"]
[Result "0-1"]
[WhiteTitle "IM"]
[BlackTitle "IM"]
[WhiteElo "2367"]
[BlackElo "2432"]
[WhiteFideId "13704788"]
[BlackFideId "4129725"]
[EventDate "2018.11.03"]

1. d4 d5 2. c4 dxc4 3. Nf3 Nf6 4. e3 b5 5. a4 b4 6. Bxc4 e6 7. O-O Be7 8. Nbd2
Bb7 9. Qe2 c5 10. dxc5 Nbd7 11. Nb3 O-O 12. Bd2 a5 13. Rfd1 Qc7 14. Rac1 Nxc5
15. Nxc5 Bxc5 16. Bd3 h6 17. e4 Qb6 18. Ne5 Rad8 19. Bf4 Ba8 20. h3 Rfe8 21. Qf3
Bd4 22. Nc4 Qa7 23. Nd6 Rxd6 24. Bxd6 Bxb2 25. Rc2 Bd4 26. Rdc1 e5 27. Rc8 Bb7
28. R8c7 Qb6 29. Be7 b3 30. Bxf6 b2 31. R1c4 b1=Q+ 32. Bxb1 Qxb1+ 33. Kh2 Bxe4
34. Qg4 Bg6 35. Qxg6 Qxg6 36. Bh4 Qe6 37. Bg3 Kh7 38. R4c6 Qf5 39. f3 e4 0-1

[Event "WCh Women 2018"]
[Site "Khanty-Mansiysk RUS"]
[Date "2018.11.05"]
[Round "1.3"]
[White "Vega Gutierrez, Sabrina"]
[Black "Bodnaruk, Anastasia"]
[Result "0-1"]
[WhiteTitle "IM"]
[BlackTitle "IM"]
[WhiteElo "2389"]
[BlackElo "2426"]
[WhiteFideId "2219026"]
[BlackFideId "4181751"]
[EventDate "2018.11.03"]

1. e4 c5 2. Nf3 d6 3. d4 Nf6 4. Nc3 cxd4 5. Nxd4 a6 6. f3 e5 7. Nb3 Be6 8. Be3
Nbd7 9. g4 Nb6 10. g5 Nh5 11. Qd2 Be7 12. O-O-O O-O 13. Rg1 Rc8 14. Kb1 g6 15.
Qf2 Nc4 16. Bxc4 Rxc4 17. Nd5 Bxd5 18. Rxd5 f6 19. Qd2 Qe8 20. gxf6 Nxf6 21. Bg5
Rc7 22. Rd3 Qf7 23. h4 Kh8 24. Rd1 Rfc8 25. c3 Qe6 26. Qe3 Bf8 27. Nc1 Nh5 28.
Ne2 Rf7 29. Qb6 Rc6 30. Qd8 Rc8 31. Qb6 Rc6 32. Qb3 Qxb3 33. axb3 h6 34. Bc1 Kh7
35. Rg1 Be7 36. Rg4 Ng7 37. f4 h5 38. Rg1 Bxh4 39. Rh3 Bd8 40. f5 gxf5 41. Ng3
h4 42. exf5 Nxf5 43. Ne4 d5 44. Rd1 dxe4 45. Rxd8 Rg6 46. Re8 Rg3 47. Rh1 Kg6
48. Rxe5 e3 49. Re6+ Rf6 50. Re8 Kf7 51. Re4 h3 52. Rb4 b5 53. Re4 Re6 54. Rf4
Kg6 55. Rff1 Kg5 56. b4 Kg4 57. Kc2 Rg2+ 58. Kb3 Ng3 0-1

[Event "WCh Women 2018"]
[Site "Khanty-Mansiysk RUS"]
[Date "2018.11.05"]
[Round "1.4"]
[White "Khukhashvili, Sopiko"]
[Black "Harika, Dronavalli"]
[Result "0-1"]
[WhiteTitle "IM"]
[BlackTitle "GM"]
[WhiteElo "2316"]
[BlackElo "2498"]
[WhiteFideId "13602055"]
[BlackFideId "5015197"]
[EventDate "2018.11.03"]

1. e4 e5 2. Nf3 Nf6 3. Nxe5 d6 4. Nf3 Nxe4 5. Qe2 Qe7 6. d3 Nf6 7. Nc3 Qxe2+ 8.
Bxe2 g6 9. Nb5 Na6 10. Be3 Bd7 11. d4 c6 12. Na3 Nc7 13. O-O Ncd5 14. Bd2 Ne4
15. Rfe1 Nxd2 16. Bc4+ Be6 17. Bxd5 Nxf3+ 18. Bxf3 d5 19. Nb1 Kd7 20. Nd2 Bg7
21. c3 Rae8 22. b4 Kd6 23. Nf1 Re7 24. Ne3 Rhe8 25. Re2 Bh6 26. Rae1 Bg5 27. a4
h5 28. h3 Kd7 29. Kf1 Kd8 30. Nd1 Bf5 31. Rxe7 Rxe7 32. Rxe7 Kxe7 33. Ne3 Be6
34. Ke2 Kd7 35. Nc2 Kd6 36. Ne1 b6 37. Nd3 f6 38. g4 hxg4 39. Bxg4 f5 40. Bf3
Bf6 41. Bg2 g5 42. f4 Bc8 43. Ke3 Ke6 44. Bf3 Be7 45. Ne5 c5 46. b5 cxd4+ 47.
cxd4 a6 48. Be2 axb5 49. Bxb5 Ba3 50. Nd3 Kf6 51. Kf3 Bd6 52. Bc6 Be6 53. Ne5
gxf4 54. Kxf4 Ba3 55. Bd7 Bc1+ 56. Kf3 Bb2 57. Ke3 Bc1+ 58. Kd3 Bg8 59. Bc8 f4
60. Ke2 Bh7 61. Nd7+ Ke7 62. Nxb6 Kd6 63. a5 Bb2 64. Bb7 Bxd4 65. Nc8+ Kc7 66.
a6 Be4 67. Ne7 f3+ 68. Kd2 f2 69. a7 Bxa7 70. Ba6 Bg2 71. h4 Bc5 72. Ng6 0-1

[Event "WCh Women 2018"]
[Site "Khanty-Mansiysk RUS"]
[Date "2018.11.05"]
[Round "1.4"]
[White "Foisor, Sabina-Francesca"]
[Black "Stefanova, Antoaneta"]
[Result "0-1"]
[WhiteTitle "WGM"]
[BlackTitle "GM"]
[WhiteElo "2264"]
[BlackElo "2490"]
[WhiteFideId "1212915"]
[BlackFideId "2902257"]
[EventDate "2018.11.03"]

1. d4 d5 2. c4 e6 3. Nc3 c6 4. Nf3 dxc4 5. a4 Bb4 6. e3 b5 7. Bd2 a5 8. axb5
Bxc3 9. Bxc3 cxb5 10. b3 Bb7 11. bxc4 b4 12. Bb2 Nf6 13. Bd3 Nbd7 14. Nd2 O-O
15. O-O Re8 16. Bc2 Qc7 17. f3 e5 18. Rf2 exd4 19. exd4 Nb6 20. c5 Nbd5 21. Ne4
Nxe4 22. Bxe4 Ne3 23. Qd3 Bxe4 24. Qxe3 Bd5 25. Qd2 Qb7 26. Re2 Rxe2 27. Qxe2 h6
28. Qe5 Qc6 29. Qe1 Qb5 30. Qe5 Qc6 31. Qe1 Qb5 32. c6 Qxc6 33. Rc1 Qe6 34. Qd2
Rb8 35. Re1 Qd6 36. Re5 Rc8 37. Qf4 Qd7 38. h4 a4 39. Qe3 a3 40. Bxa3 bxa3 41.
Qxa3 Be6 42. Qe3 Rd8 43. Re4 Bf5 44. Re5 Be6 45. Re4 Qd5 46. Kh2 Qd6+ 47. f4 g6
48. g4 Bxg4 49. Kg3 Be6 50. Qe2 Kg7 51. h5 Bf5 52. Re3 g5 53. Re5 gxf4+ 54. Kh2
Be6 55. Qg2+ Kf8 56. Qf2 Qxd4 0-1

[Event "WCh Women 2018"]
[Site "Khanty-Mansiysk RUS"]
[Date "2018.11.05"]
[Round "1.4"]
[White "Matnadze, Ana"]
[Black "Saduakassova, Dinara"]
[Result "0-1"]
[WhiteTitle "IM"]
[BlackTitle "IM"]
[WhiteElo "2372"]
[BlackElo "2474"]
[WhiteFideId "13601377"]
[BlackFideId "13700090"]
[EventDate "2018.11.03"]

1. d4 Nf6 2. Nf3 e6 3. g3 d5 4. Bg2 Be7 5. c4 O-O 6. Nc3 dxc4 7. Ne5 Nc6 8. Bxc6
bxc6 9. Nxc6 Qe8 10. Nxe7+ Qxe7 11. Qa4 c5 12. Qxc4 cxd4 13. Qxd4 e5 14. Qh4 Rb8
15. O-O Rb4 16. e4 h6 17. Re1 Rd8 18. f3 Rd3 19. Kg2 Qb7 20. Nd1 Bg4 21. Nf2
Bxf3+ 22. Kg1 Qb6 23. Kf1 Bxe4 24. a3 Rc4 25. Nxd3 Bxd3+ 26. Kg2 Rc2+ 27. Kh3
Qf2 28. Bd2 Rxd2 0-1

[Event "WCh Women 2018"]
[Site "Khanty-Mansiysk RUS"]
[Date "2018.11.05"]
[Round "1.4"]
[White "Padmini, Rout"]
[Black "Abdumalik, Zhansaya"]
[Result "0-1"]
[WhiteTitle "IM"]
[BlackTitle "IM"]
[WhiteElo "2341"]
[BlackElo "2473"]
[WhiteFideId "5029295"]
[BlackFideId "13703544"]
[EventDate "2018.11.03"]

1. Nf3 Nf6 2. c4 c5 3. Nc3 d5 4. cxd5 Nxd5 5. e3 Nxc3 6. dxc3 Qc7 7. e4 Nc6 8.
Be3 e6 9. Nd2 Be7 10. Qg4 O-O 11. Qg3 Bd6 12. f4 Rd8 13. e5 Bf8 14. Be2 b6 15.
O-O-O Bb7 16. Nf3 Ne7 17. Bd3 Nf5 18. Qf2 c4 19. Bc2 Rxd1+ 20. Rxd1 Rd8 21. g3
Rxd1+ 22. Bxd1 Nxe3 23. Qxe3 Bc5 24. Qd2 b5 25. Nd4 Qb6 26. a3 a5 27. Be2 b4 28.
axb4 axb4 29. Bxc4 bxc3 30. bxc3 Ba3+ 31. Kd1 Qb1+ 32. Ke2 Qh1 33. Qe1 Qxh2+ 34.
Qf2 Qh5+ 35. Kd2 Qh1 36. Ne2 Qc6 37. Qa7 Bf8 38. Bd3 h5 39. Qb8 Qd5 40. Nd4 g6
41. Qe8 Qg2+ 42. Ne2 Bf3 43. f5 gxf5 44. Qd8 Bg4 45. c4 Qb7 46. Bc2 Qb4+ 47. Nc3
Qxc4 48. Bd3 Qc5 49. Qf6 Bg7 50. Qd8+ Kh7 51. Ne2 Qxe5 52. Nf4 Bh6 53. Qe8 Bxf4+
54. gxf4 Qxf4+ 55. Kc2 Kg7 56. Qe7 Qf2+ 57. Kc3 Qf4 58. Qh4 Qe5+ 59. Kd2 Qf6 60.
Qh1 h4 0-1

[Event "WCh Women 2018"]
[Site "Khanty-Mansiysk RUS"]
[Date "2018.11.05"]
[Round "1.4"]
[White "Gara, Anita"]
[Black "Lei, Tingjie"]
[Result "0-1"]
[WhiteTitle "IM"]
[BlackTitle "GM"]
[WhiteElo "2370"]
[BlackElo "2457"]
[WhiteFideId "709751"]
[BlackFideId "8605114"]
[EventDate "2018.11.03"]

1. e4 e5 2. Nf3 Nc6 3. Bc4 Bc5 4. c3 Nf6 5. d4 exd4 6. e5 d5 7. Bb5 Ne4 8. cxd4
Bb6 9. Nc3 O-O 10. Be3 Bg4 11. h3 Bh5 12. Qc2 Bg6 13. Qb3 Nxc3 14. Bxc6 bxc6 15.
Qxc3 Be4 16. a4 a5 17. Qxc6 f6 18. e6 Qe7 19. Nd2 Bxg2 20. Rg1 Bxh3 21. Bh6 g6
22. Bxf8 Rxf8 23. Rg3 Qxe6+ 24. Qxe6+ Bxe6 25. Nb3 Kf7 26. Rc3 Re8 27. Kd2 h5
28. Nc5 Bf5 29. b4 h4 30. Rb3 h3 31. f3 g5 32. Re3 Rh8 33. b5 Rh4 34. Kc3 Bxc5
35. dxc5 d4+ 36. Kd2 dxe3+ 37. Kxe3 Rb4 38. Ra2 Ke6 39. Rd2 Rxa4 40. Rb2 Rb4 0-1

[Event "WCh Women 2018"]
[Site "Khanty-Mansiysk RUS"]
[Date "2018.11.05"]
[Round "1.4"]
[White "Danielian, Elina"]
[Black "Hoang, Thanh Trang"]
[Result "1/2-1/2"]
[WhiteTitle "GM"]
[BlackTitle "GM"]
[WhiteElo "2426"]
[BlackElo "2448"]
[WhiteFideId "13300210"]
[BlackFideId "12400149"]
[EventDate "2018.11.03"]

1. c4 f5 2. b3 d6 3. Bb2 e5 4. g3 Nf6 5. Bg2 Nc6 6. Nc3 g6 7. e3 Bg7 8. Nge2 O-O
9. O-O Qe7 10. a3 a5 11. Nd5 Qf7 12. Nec3 Kh8 13. d3 Nd8 14. b4 axb4 15. axb4
Rxa1 16. Qxa1 c6 17. Nb6 Be6 18. Ne2 g5 19. c5 Qh5 20. f3 dxc5 21. Bxe5 cxb4 22.
Qd4 b3 23. Qb4 Qf7 24. e4 Nd7 25. Nxd7 Bxd7 26. Bxg7+ Kxg7 27. Nd4 b5 28. f4
gxf4 29. Rxf4 Qf6 30. Nxb3 Nf7 31. d4 Qd6 32. Qc3 fxe4 33. Bxe4 Ng5 34. Bg2 Rxf4
35. gxf4 Qxf4 36. Nc5 Bc8 37. d5+ Qf6 38. Qxf6+ Kxf6 39. d6 Bf5 40. Bxc6 Nf7 41.
Nb7 b4 42. Bd5 Be6 43. Be4 b3 44. Nc5 h6 45. d7 b2 46. Na4 Bxd7 47. Nxb2 Bf5 48.
Bg2 Ne5 49. Nd1 Kg5 50. Kf2 Kf4 51. Nc3 Ng4+ 52. Kg1 Ne3 53. Bc6 h5 54. Ne2+ Kg5
55. Nd4 Bh3 56. Kf2 Ng4+ 57. Kg3 Bf1 58. Nf3+ Kh6 59. h3 Nf6 60. Nd2 Bd3 61. Kf4
Bc2 62. Nf3 Bd3 63. Ne5 Bf1 64. h4 Ng4 65. Nf7+ Kg7 66. Nd6 Kh6 67. Nf5+ Kh7 68.
Kg5 Bd3 69. Nd6 Ne5 70. Be8 Bg6 71. Kf6 Bxe8 72. Kxe5 Ba4 73. Kf6 Kh6 74. Nf5+
Kh7 75. Kg5 Bd1 76. Ne3 Be2 77. Nd5 Bd1 78. Kf6 Be2 79. Nf4 Bd1 80. Kf7 Bf3 81.
Nh3 Bd1 82. Kf6 Be2 83. Ng5+ 1/2-1/2

[Event "WCh Women 2018"]
[Site "Khanty-Mansiysk RUS"]
[Date "2018.11.05"]
[Round "1.4"]
[White "Atalik, Ekaterina"]
[Black "Cori T., Deysi"]
[Result "1-0"]
[WhiteTitle "IM"]
[BlackTitle "WGM"]
[WhiteElo "2445"]
[BlackElo "2406"]
[WhiteFideId "4130189"]
[BlackFideId "3801934"]
[EventDate "2018.11.03"]

1. c4 Nf6 2. Nc3 g6 3. g3 Bg7 4. Bg2 O-O 5. Nf3 c6 6. O-O d5 7. cxd5 cxd5 8. d4
Ne4 9. Nxe4 dxe4 10. Ng5 Bxd4 11. Nxe4 Nc6 12. Bh6 Re8 13. Qd2 Qb6 14. Nc3 Rd8
15. Nd5 Qxb2 16. Qxb2 Bxb2 17. Rab1 Be5 18. Rfd1 Bd6 19. Bf4 Kg7 20. Nc7 Bxc7
21. Bxc7 Rxd1+ 22. Rxd1 Be6 23. Rb1 Rc8 24. Rxb7 Nd4 25. h4 Nxe2+ 26. Kh2 Bxa2
27. Rxa7 Bc4 28. Be5+ Kf8 29. Bb2 Be6 30. Ra8 f6 31. Rxc8+ Bxc8 32. Bf1 Ba6 33.
Kg2 e5 34. f3 Bb5 35. Kf2 Nd4 36. Bxd4 Bxf1 37. Bc5+ 1-0

[Event "WCh Women 2018"]
[Site "Khanty-Mansiysk RUS"]
[Date "2018.11.05"]
[Round "1.4"]
[White "Ni, Shiqun"]
[Black "Zhukova, Natalia"]
[Result "1/2-1/2"]
[WhiteTitle "WGM"]
[BlackTitle "GM"]
[WhiteElo "2436"]
[BlackElo "2375"]
[WhiteFideId "8608466"]
[BlackFideId "14101513"]
[EventDate "2018.11.03"]

1. e4 e6 2. d4 d5 3. Nd2 c5 4. Ngf3 cxd4 5. exd5 Qxd5 6. Bc4 Qd8 7. O-O Nc6 8.
Nb3 a6 9. Bf4 Bd6 10. Qd2 Nge7 11. Nbxd4 Bxf4 12. Qxf4 Nxd4 13. Nxd4 Ng6 14. Qe3
O-O 15. Rad1 Qf6 16. f4 b5 17. Bb3 Ne7 18. c3 Bb7 19. g4 Qh4 20. Qg3 Qxg3+ 21.
hxg3 Rad8 22. g5 h6 23. gxh6 gxh6 24. Rf2 Rd6 25. Rfd2 Be4 26. Nf5 Nxf5 27. Rxd6
Nxd6 28. Rxd6 Ra8 29. Kf2 Kf8 30. Ke3 Ke7 31. Rd2 Bc6 32. Rh2 Rg8 33. Kf2 Rd8
34. Ke3 Rg8 35. Kf2 Rd8 36. Ke3 1/2-1/2

[Event "WCh Women 2018"]
[Site "Khanty-Mansiysk RUS"]
[Date "2018.11.05"]
[Round "1.4"]
[White "Galliamova, Alisa"]
[Black "Nakhbayeva, Guliskhan"]
[Result "1/2-1/2"]
[WhiteTitle "IM"]
[BlackTitle "IM"]
[WhiteElo "2432"]
[BlackElo "2367"]
[WhiteFideId "4129725"]
[BlackFideId "13704788"]
[EventDate "2018.11.03"]

1. Nf3 e6 2. c4 b6 3. g3 Bb7 4. Bg2 g6 5. O-O Bg7 6. d4 Ne7 7. Nc3 O-O 8. e4 d6
9. Be3 Nd7 10. Re1 a6 11. Qd2 Re8 12. Bh6 Bh8 13. b4 Nf6 14. h3 Nd7 15. Rad1 Qc8
16. a3 a5 17. b5 Nf6 18. Rc1 Rd8 19. Bg5 Qd7 20. Nh2 Rab8 21. Rcd1 Qe8 22. Qe3
Bc8 23. Qf3 Nd7 24. Ng4 h5 25. Nf6+ Nxf6 26. Bxf6 Bxf6 27. Qxf6 Kh7 28. e5 d5
29. g4 dxc4 30. gxh5 Nf5 31. hxg6+ fxg6 32. d5 Qe7 33. Ne4 Qxf6 34. exf6 Kh6 35.
Nc3 exd5 36. Bxd5 Bd7 37. Bxc4 Nd6 38. Bf1 Kg5 39. Ne4+ Nxe4 40. Rxe4 Bf5 41.
Rxd8 Rxd8 42. Rc4 Rd7 43. Rc6 Kf4 44. h4 Ke5 45. Kh2 Be4 46. Rc4 Bd5 47. Rg4
Kxf6 48. Bd3 Bf7 49. Be4 Rd2 50. Kg2 Ra2 51. Rg3 a4 52. Rc3 Bb3 53. Rxc7 Rxa3
54. Rc6+ Ke5 55. f3 Ra2+ 56. Kg3 a3 57. Rxb6 Rb2 58. Ra6 a2 59. b6 Bc4 60. Ra5+
Kd4 61. b7 Ke3 62. Ra3+ Kd2 63. Kf4 Kc1 64. Kg5 Rb6 65. Ra8 Bb3 66. b8=Q Rxb8
67. Rxb8 a1=Q 68. Rxb3 Qe5+ 69. Kh6 Qh8+ 70. Kg5 Qh5+ 71. Kf6 Qh8+ 72. Kg5 Qd8+
73. Kh6 Qxh4+ 74. Kxg6 Qg3+ 75. Kf5 Kd2 76. Rd3+ Ke2 77. Ke6 Qg8+ 78. Ke5 Qg5+
79. Ke6 Kf2 80. Rd5 Qg8+ 81. Kd6 Ke3 82. Rd3+ Kf4 83. Rd5 Qd8+ 84. Ke6 Qb6+ 85.
Kf7 Qc7+ 86. Kf6 Qa7 87. Rf5+ Ke3 88. Rd5 Qc7 89. Ke6 Qc4 90. Kf5 Qc8+ 91. Kf6
Qf8+ 92. Ke6 Qg7 93. Rd3+ Kf4 94. Rd5 Qg8+ 95. Kf6 Ke3 96. Rd3+ Ke2 97. Rd5 Qf8+
98. Ke6 Qe8+ 99. Kf6 Kf2 100. Rd2+ Kg3 101. Rd5 Qh8+ 102. Kg6 Qg8+ 103. Kf6 Kh4
104. Ke7 Qg7+ 105. Ke6 Qh6+ 106. Kf7 Kg3 107. Ke7 Kf4 108. Kf7 Qb6 109. Rf5+ Ke3
110. Rd5 Qc7+ 111. Kf6 Qf4+ 112. Kg6 Qf8 113. Rd3+ Kf4 114. Rd5 Qe8+ 115. Kf6
Qf8+ 116. Kg6 Qg8+ 117. Kf6 Qh8+ 118. Kg6 Qe8+ 119. Kf6 Qc6+ 120. Kf7 Qc7+ 121.
Kg6 Qb6+ 122. Kf7 Qc7+ 123. Kg6 1/2-1/2

[Event "WCh Women 2018"]
[Site "Khanty-Mansiysk RUS"]
[Date "2018.11.05"]
[Round "1.4"]
[White "Bodnaruk, Anastasia"]
[Black "Vega Gutierrez, Sabrina"]
[Result "1/2-1/2"]
[WhiteTitle "IM"]
[BlackTitle "IM"]
[WhiteElo "2426"]
[BlackElo "2389"]
[WhiteFideId "4181751"]
[BlackFideId "2219026"]
[EventDate "2018.11.03"]

1. e4 c5 2. Nf3 Nc6 3. Bb5 Nf6 4. Bxc6 dxc6 5. d3 g6 6. h3 Bg7 7. Nc3 Nd7 8. Be3
e5 9. Qd2 h6 10. a4 a5 11. Nh2 b6 12. O-O Nf8 13. f4 exf4 14. Rxf4 Be6 15. Rf2
g5 16. Raf1 Qd6 17. Ne2 O-O-O 18. Ng4 Nd7 19. Rxf7 Bxf7 20. Rxf7 Rhg8 21. Bf2
Qe6 22. Rf5 Ne5 23. Ne3 Ng6 24. Qe1 Ne7 25. Rf3 Kb7 26. Nc4 Be5 27. Nxe5 Qxe5
28. Qc3 Qxc3 29. Nxc3 Rgf8 30. Re3 Ng6 31. Bg3 Rf6 32. e5 Re6 33. Ne4 Rf8 34. b3
Ka7 35. Nd6 Ne7 36. Bh2 Nd5 37. Re2 Nf4 38. Re4 Ng6 39. Re2 Rd8 40. Re4 Rd7 41.
Kf2 Rd8 42. g4 Rf8+ 43. Ke2 Ne7 44. c4 h5 45. Bg3 Rh6 46. e6 hxg4 47. hxg4 Rff6
48. Nf5 Rh7 49. Bd6 Nc8 50. e7 Nxd6 51. Nxd6 Rh2+ 52. Ke3 Rh3+ 53. Ke2 Rh2+ 54.
Ke3 Rff2 55. e8=Q Re2+ 56. Kf3 Rhf2+ 57. Kg3 Rg2+ 58. Kf3 Rgf2+ 59. Kg3 Rg2+ 1/2-1/2

[Event "WCh Women 2018"]
[Site "Khanty-Mansiysk RUS"]
[Date "2018.11.05"]
[Round "1.5"]
[White "Zhukova, Natalia"]
[Black "Ni, Shiqun"]
[Result "0-1"]
[WhiteTitle "GM"]
[BlackTitle "WGM"]
[WhiteElo "2375"]
[BlackElo "2436"]
[WhiteFideId "14101513"]
[BlackFideId "8608466"]
[EventDate "2018.11.03"]

1. c4 c6 2. Nf3 Nf6 3. e3 d5 4. Qc2 g6 5. Be2 Bg7 6. O-O O-O 7. d4 b6 8. b3 Bb7
9. Bb2 Nbd7 10. cxd5 cxd5 11. Nc3 Rc8 12. Rfc1 Ne4 13. Qd1 Nxc3 14. Bxc3 e6 15.
a4 Qe7 16. a5 Rc7 17. a6 Ba8 18. Qd2 Rfc8 19. Ne1 Bf8 20. Rc2 Qd8 21. b4 Nf6 22.
f3 Bc6 23. b5 Be8 24. Bb2 Bd7 25. Rac1 Ne8 26. Bd3 Nd6 27. Qe2 Rxc2 28. Rxc2
Rxc2 29. Nxc2 Qc8 30. Na3 Bh6 31. Kf2 Qd8 32. g3 Qc8 33. Kg2 Bf8 34. e4 dxe4 35.
fxe4 Bg7 36. e5 Ne8 37. Qe4 Bf8 38. Qb7 Qc7 39. Nb1 Bc8 40. Qxc7 Nxc7 41. Ba3
Bxa3 42. Nxa3 Bd7 43. Kf2 Kg7 44. Ke2 f5 45. Kd2 g5 46. Kc3 h5 47. Kb4 Nd5+ 48.
Kb3 Nc7 49. Bc4 h4 50. Kb4 hxg3 51. hxg3 f4 52. gxf4 gxf4 53. Kc3 Kg6 54. Kd3
Kg5 55. Ke4 Kg4 56. Be2+ Kg3 57. Bf1 f3 58. Ke3 f2 59. Be2 Kg2 60. Kf4 f1=Q+ 61.
Bxf1+ Kxf1 62. Kg5 Nxb5 63. Nc2 Ke2 64. Kf6 Kd2 65. Nb4 Kc3 0-1

[Event "WCh Women 2018"]
[Site "Khanty-Mansiysk RUS"]
[Date "2018.11.05"]
[Round "1.6"]
[White "Ni, Shiqun"]
[Black "Zhukova, Natalia"]
[Result "1/2-1/2"]
[WhiteTitle "WGM"]
[BlackTitle "GM"]
[WhiteElo "2436"]
[BlackElo "2375"]
[WhiteFideId "8608466"]
[BlackFideId "14101513"]
[EventDate "2018.11.03"]

1. e4 e6 2. d4 d5 3. Nd2 a6 4. Ngf3 Nf6 5. Bd3 c5 6. exd5 exd5 7. dxc5 Bxc5 8.
Nb3 Bb6 9. Qe2+ Qe7 10. Qxe7+ Kxe7 11. O-O Nc6 12. c3 Ne4 13. Nbd4 Re8 14. Be3
Bc7 15. Ng5 f5 16. f3 Nxg5 17. Bxg5+ Kf7 18. Nxf5 Ne5 19. Bc2 Nc4 20. Rfe1 Bd7
21. b3 Na3 22. Bd3 Kg6 23. Be7 Bxf5 24. Bxf5+ Kxf5 25. Bxa3 Bf4 26. Rad1 Rxe1+
27. Rxe1 Bd2 28. Rd1 Bxc3 29. Rxd5+ Ke6 30. Rd6+ Kf5 31. Rd5+ Ke6 32. Rd6+ Kf5
33. Rd5+ Ke6 34. Rd6+ Kf5 1/2-1/2

[Event "WCh Women 2018"]
[Site "Khanty-Mansiysk RUS"]
[Date "2018.11.06"]
[Round "2.1"]
[White "Zawadzka, Jolanta"]
[Black "Koneru, Humpy"]
[Result "1/2-1/2"]
[WhiteTitle "WGM"]
[BlackTitle "GM"]
[WhiteElo "2407"]
[BlackElo "2548"]
[WhiteFideId "1122320"]
[BlackFideId "5008123"]
[EventDate "2018.11.03"]

1. e4 e5 2. Nf3 Nf6 3. Nxe5 d6 4. Nf3 Nxe4 5. d4 d5 6. Bd3 Bd6 7. O-O O-O 8. c4
c6 9. Nc3 Nxc3 10. bxc3 dxc4 11. Bxc4 Bf5 12. Bg5 Qa5 13. Nh4 Be6 14. Bxe6 Qxg5
15. Nf3 Qa5 16. Bb3 Nd7 17. Qd3 Nf6 18. Rfe1 Rae8 19. g3 g6 20. Kg2 Kg7 21. h4
h6 22. Rac1 Qc7 23. Qc4 Nh5 24. Rxe8 Rxe8 25. Re1 Rxe1 26. Nxe1 Qe7 1/2-1/2